[Event "NAYCC U12"]
[Site "Montreal CAN"]
[Date "2010.08.16"]
[Round "2"]
[White "Lagasse, Nicolas"]
[Black "Radzetzky, Laurent"]
[Result "1-0"]
[WhiteElo "1059"]
[BlackElo "955"]
[PlyCount "77"]
[EventDate "2010.08.16"]
[EventType "swiss"]
[EventRounds "7"]
[EventCountry "CAN"]

1. c4 e5 2. Nc3 Bc5 3. e3 Nf6 4. d4 Bb4 5. dxe5 Ne4 6. Bd2 Nc5 7. a3 Ba5 8. b4
Ne6 9. bxa5 O-O 10. Nf3 Nc6 11. Qc2 g6 12. Nb5 a6 13. Nbd4 Re8 14. Nxe6 dxe6
15. Be2 Qd7 16. O-O Qd8 17. Rfd1 Rb8 18. Bb4 Bd7 19. Qd3 f6 20. Qxd7 Qxd7 21.
Rxd7 Nxe5 22. Nxe5 Rbd8 23. Rxd8 Rxd8 24. Nf3 Rd7 25. Rd1 Rxd1+ 26. Bxd1 e5 27.
Bc5 e4 28. Nd4 f5 29. Bb6 cxb6 30. axb6 h6 31. c5 g5 32. c6 f4 33. cxb7 fxe3
34. b8=Q+ Kg7 35. Qe8 exf2+ 36. Kxf2 Kh7 37. Qf7+ Kh8 38. Ne6 h5 39. Qg7# 1-0

[Event "NAYCC U12"]
[Site "Montreal CAN"]
[Date "2010.08.16"]
[Round "2"]
[White "Li, George"]
[Black "Ponomarev, Alexander"]
[Result "1-0"]
[WhiteElo "1177"]
[BlackElo "911"]
[PlyCount "49"]
[EventDate "2010.08.16"]
[EventType "swiss"]
[EventRounds "7"]
[EventCountry "CAN"]

1. e4 c5 2. Nf3 d6 3. Bc4 Nf6 4. Nc3 g6 5. h3 Bg7 6. O-O O-O 7. Re1 Nc6 8. d3
Bd7 9. Bg5 a6 10. a4 h6 11. Bh4 Qc8 12. Bg3 Nh5 13. Ne2 Kh7 14. Bh2 f5 15. Ng3
Nxg3 16. Bxg3 Bxb2 17. Rb1 Bg7 18. Bd5 fxe4 19. Bxe4 Bxh3 20. gxh3 Qxh3 21.
Rxb7 Qc8 22. Bxc6 Qxc6 23. Rexe7 Rg8 24. Qa1 Kh8 25. Rxg7 1-0

[Event "NAYCC U12"]
[Site "Montreal CAN"]
[Date "2010.08.16"]
[Round "2"]
[White "Lim, Michael"]
[Black "Colas, Joshua"]
[Result "0-1"]
[WhiteElo "1766"]
[BlackElo "2087"]
[PlyCount "68"]
[EventDate "2010.08.16"]
[EventType "swiss"]
[EventRounds "7"]
[EventCountry "CAN"]

1. d4 d5 2. c4 c6 3. Nf3 dxc4 4. Nc3 Nf6 5. e3 b5 6. a4 Qa5 7. Bd2 b4 8. Na2 e6
9. Bxc4 Ne4 10. b3 Bd6 11. O-O O-O 12. Rc1 Nxd2 13. Qxd2 Bb7 14. Rc2 Nd7 15.
Nc1 Qh5 16. Be2 Qg6 17. Nd3 a5 18. Rd1 Rad8 19. Qc1 Rfe8 20. Nb2 Nb6 21. Bd3 f5
22. Be2 Nd5 23. Rdd2 Nc3 24. Qf1 Qh6 25. Ba6 Ba8 26. Nc4 Bc7 27. Nce5 f4 28.
exf4 Qxf4 29. Qc4 Bxe5 30. dxe5 Qf5 31. h3 c5 32. Qxc5 Bxf3 33. gxf3 Rxd2 34.
Rxd2 Qg5+ 0-1

[Event "NAYCC U12"]
[Site "Montreal CAN"]
[Date "2010.08.16"]
[Round "2"]
[White "Luo, Tony"]
[Black "Kubrynski, Simon"]
[Result "0-1"]
[WhiteElo "1169"]
[BlackElo "962"]
[PlyCount "62"]
[EventDate "2010.08.16"]
[EventType "swiss"]
[EventRounds "7"]
[EventCountry "CAN"]

1. e4 e5 2. Nf3 Nf6 3. Nc3 Bc5 4. Nxe5 Qe7 5. d4 Bb4 6. f3 d6 7. Nc4 d5 8. Nd2
dxe4 9. fxe4 Nc6 10. a3 Ba5 11. Bb5 O-O 12. Bxc6 bxc6 13. O-O Ba6 14. Re1 Bb6
15. Nf3 c5 16. Bg5 cxd4 17. Nd5 Qe6 18. Nxf6+ gxf6 19. Bh6 Rfe8 20. Kh1 f5 21.
Qd2 fxe4 22. Nh4 e3 23. Qd1 Qxh6 24. Qg4+ Kh8 25. Nf5 Qg6 26. Qf4 Qf6 27. a4
Re5 28. g4 Bb7+ 29. Kg1 Re4 30. Qg3 e2 31. b4 d3+ 0-1

[Event "NAYCC U12"]
[Site "Montreal CAN"]
[Date "2010.08.16"]
[Round "2"]
[White "Shi, Diwen"]
[Black "Graif, William"]
[Result "0-1"]
[WhiteElo "1577"]
[BlackElo "1903"]
[PlyCount "72"]
[EventDate "2010.08.16"]
[EventType "swiss"]
[EventRounds "7"]
[EventCountry "CAN"]

1. d4 Nf6 2. Nf3 e6 3. c4 b6 4. Nc3 Bb4 5. Bg5 Bb7 6. g3 h6 7. Bf4 Ne4 8. Qc2
O-O 9. Bg2 f5 10. O-O Bxc3 11. bxc3 Qc8 12. Rfd1 d6 13. h4 Nd7 14. Rab1 Ndf6
15. Nd2 Nxd2 16. Qxd2 Bxg2 17. Kxg2 Qb7+ 18. f3 Rae8 19. Kf2 e5 20. Be3 Nh5 21.
dxe5 dxe5 22. Qd5+ Qxd5 23. Rxd5 Rf7 24. c5 c6 25. Rd6 f4 26. gxf4 exf4 27. Bd4
bxc5 28. Bxc5 Rfe7 29. Rd2 Rf7 30. Rd6 Ng3 31. Rb2 Rfe7 32. Rdd2 Rf7 33. Rd6
Rf5 34. Rd7 Rxc5 35. Rbb7 Rxe2+ 36. Kg1 Rxc3 0-1

[Event "NAYCC U12"]
[Site "Montreal CAN"]
[Date "2010.08.16"]
[Round "2"]
[White "Song, Michael"]
[Black "Berman, Jacob"]
[Result "1-0"]
[WhiteElo "1945"]
[BlackElo "1634"]
[PlyCount "143"]
[EventDate "2010.08.16"]
[EventType "swiss"]
[EventRounds "7"]
[EventCountry "CAN"]

1. c4 e6 2. d4 d5 3. Nc3 Nf6 4. cxd5 exd5 5. Bg5 Nbd7 6. e3 c6 7. Bd3 Qa5 8.
Nf3 Bb4 9. Qc2 O-O 10. O-O Re8 11. a3 Bxc3 12. bxc3 Ne4 13. Bh4 Nb6 14. Ng5 f5
15. c4 h6 16. Nf3 Nxc4 17. Bxc4 dxc4 18. Qxc4+ Be6 19. Qb4 Qb6 20. Rfb1 Qxb4
21. Rxb4 b6 22. Rc1 c5 23. Rbb1 c4 24. Ne5 Rac8 25. Ng6 Rc7 26. Bg3 Rcc8 27. f3
Nd2 28. Rb5 c3 29. Be1 Rc7 30. Ne5 Rec8 31. d5 a6 32. Rxb6 Bxd5 33. Rd6 Rc5 34.
Nd3 Rb5 35. Bxd2 cxd2 36. Rxc8+ Kh7 37. Nb2 Rxb2 38. Rxd5 Rb1+ 39. Kf2 d1=Q 40.
Rxd1 Rxd1 41. Rc6 Rd2+ 42. Kg3 Rd3 43. Rxa6 Rxe3 44. Ra5 Kg6 45. h4 Re6 46. Kf4
Re2 47. g3 Ra2 48. Ra6+ Kh5 49. Kxf5 Ra1 50. Kf4 Ra2 51. Ra5+ Kg6 52. h5+ Kf6
53. Ra6+ Kf7 54. Kf5 Rc2 55. Ra7+ Kg8 56. g4 Rc5+ 57. Kf4 Rc4+ 58. Kg3 Rc3 59.
a4 Ra3 60. a5 Kh7 61. a6 Kg8 62. Kf2 Kh7 63. f4 Kg8 64. g5 hxg5 65. fxg5 Kh7
66. h6 Kh8 67. hxg7+ Kg8 68. Ke2 Ra5 69. Kd3 Rxg5 70. Rb7 Ra5 71. a7 Ra4 72.
Rb8+ 1-0

[Event "NAYCC U12"]
[Site "Montreal CAN"]
[Date "2010.08.16"]
[Round "2"]
[White "Sowa, Aidan"]
[Black "Harris, Gabriel"]
[Result "1-0"]
[WhiteElo "1136"]
[BlackElo "1077"]
[PlyCount "111"]
[EventDate "2010.08.16"]
[EventType "swiss"]
[EventRounds "7"]
[EventCountry "CAN"]

1. d4 Nf6 2. c4 g6 3. Nf3 Bg7 4. Nc3 O-O 5. e4 d6 6. Bg5 Nbd7 7. Qd2 a6 8. Bh6
Bxh6 9. Qxh6 e5 10. d5 Nc5 11. Nd2 Bd7 12. b4 Na4 13. Nxa4 Bxa4 14. Bd3 Bd7 15.
h3 b5 16. O-O Rb8 17. c5 Qe7 18. c6 Bc8 19. Rfe1 Nh5 20. Nf3 Nf4 21. Bc2 f5 22.
Qg5 Qxg5 23. Nxg5 fxe4 24. Nxe4 Nxd5 25. Bb3 Be6 26. Ng5 Nf4 27. Nxe6 Nxe6 28.
Bxe6+ Kg7 29. Rad1 Rf4 30. a3 Ra8 31. Rd3 a5 32. bxa5 Rxa5 33. Rb3 Ra6 34. Bd7
Ra5 35. Reb1 Rfa4 36. Rxb5 Rxb5 37. Rxb5 Rxa3 38. Rb7 d5 39. Rxc7 d4 40. Rb7 d3
41. Bg4+ Kf6 42. c7 Rc3 43. c8=Q Rxc8 44. Bxc8 h5 45. Rd7 e4 46. Kf1 g5 47. Ke1
g4 48. hxg4 hxg4 49. Kd2 Ke5 50. Ke3 Kf6 51. Kxe4 g3 52. fxg3 Kg5 53. Rxd3 Kh5
54. Kf5 Kh6 55. Rd7 Kh5 56. Rh7# 1-0

[Event "NAYCC U12"]
[Site "Montreal CAN"]
[Date "2010.08.16"]
[Round "2"]
[White "Williams, Justus"]
[Black "Song, Edward"]
[Result "1-0"]
[WhiteElo "2167"]
[BlackElo "1850"]
[PlyCount "71"]
[EventDate "2010.08.16"]
[EventType "swiss"]
[EventRounds "7"]
[EventCountry "CAN"]

1. Nf3 d5 2. c4 c6 3. g3 Nf6 4. Bg2 e6 5. O-O Be7 6. d4 O-O 7. Qc2 Nbd7 8. Rd1
Re8 9. b3 Nf8 10. Bb2 Ng6 11. Ne5 Bd7 12. Nc3 Rc8 13. e4 dxe4 14. Nxe4 Nxe4 15.
Bxe4 Bf6 16. Qe2 Qe7 17. a4 Bxe5 18. dxe5 Red8 19. Qe3 Be8 20. Qxa7 Qc7 21. Qe3
Kh8 22. Bc2 b5 23. a5 bxc4 24. bxc4 Rxd1+ 25. Bxd1 c5 26. h4 Ne7 27. Bc2 Qb7
28. Qe4 Qxe4 29. Bxe4 Bc6 30. Bxc6 Nxc6 31. Bc3 h6 32. Rb1 Ra8 33. Rb5 Nd4 34.
Bxd4 cxd4 35. c5 h5 36. c6 1-0

[Event "NAYCC U12"]
[Site "Montreal CAN"]
[Date "2010.08.16"]
[Round "2"]
[White "Zhu, Hong Rui"]
[Black "McCleary, Reuben"]
[Result "1-0"]
[WhiteElo "1923"]
[BlackElo "1630"]
[PlyCount "43"]
[EventDate "2010.08.16"]
[EventType "swiss"]
[EventRounds "7"]
[EventCountry "CAN"]

1. e4 c5 2. Nf3 e6 3. d4 cxd4 4. Nxd4 Nf6 5. Bd3 d5 6. e5 Nfd7 7. Qe2 Nc6 8.
Nxc6 bxc6 9. O-O c5 10. c3 Qc7 11. Bf4 Be7 12. Nd2 h5 13. h3 Bb7 14. Nf3 O-O-O
15. h4 f6 16. exf6 Qxf4 17. fxe7 Rde8 18. Qxe6 Qf6 19. Rae1 Qxe6 20. Rxe6 Nf6
21. Bb5 Nd7 22. Ne5 1-0

[Event "NAYCC U12"]
[Site "Montreal CAN"]
[Date "2010.08.17"]
[Round "3"]
[White "Berman, Jacob"]
[Black "Lim, Victor"]
[Result "1-0"]
[WhiteElo "1634"]
[BlackElo "1110"]
[PlyCount "63"]
[EventDate "2010.08.16"]
[EventType "swiss"]
[EventRounds "7"]
[EventCountry "CAN"]

1. d4 d6 2. c4 c5 3. dxc5 Nf6 4. cxd6 exd6 5. Nc3 Nc6 6. Bg5 Be6 7. e3 h6 8.
Bh4 Be7 9. Nf3 O-O 10. Be2 Qd7 11. O-O Rfe8 12. Nd4 Nxd4 13. exd4 d5 14. c5 a6
15. Bf3 Bf5 16. Bxf6 Bxf6 17. Nxd5 Bg5 18. Nb6 Qc7 19. Nxa8 Rxa8 20. Bg4 Bg6
21. Re1 f6 22. Bf3 Rd8 23. Qb3+ Bf7 24. Qxb7 Qf4 25. c6 Rb8 26. c7 Rxb7 27.
c8=Q+ Kh7 28. Qxb7 Qxd4 29. Qxf7 Bh4 30. Be4+ f5 31. Bxf5+ Kh8 32. Re8# 1-0

[Event "NAYCC U12"]
[Site "Montreal CAN"]
[Date "2010.08.17"]
[Round "3"]
[White "Colas, Joshua"]
[Black "Song, Michael"]
[Result "1/2-1/2"]
[WhiteElo "2087"]
[BlackElo "1543"]
[PlyCount "43"]
[EventDate "2010.08.16"]
[EventType "swiss"]
[EventRounds "7"]
[EventCountry "CAN"]

1. e4 e5 2. Nc3 Nc6 3. Bc4 Nf6 4. d3 d6 5. h3 Be7 6. Nge2 Na5 7. Bb3 Nxb3 8.
axb3 O-O 9. O-O d5 10. f4 dxe4 11. dxe4 Bc5+ 12. Kh2 Ng4+ 13. Kg3 Qxd1 14. Nxd1
Nf6 15. fxe5 Nxe4+ 16. Kf4 f5 17. Nec3 g5+ 18. Kf3 g4+ 19. Kf4 Be7 20. Ke3 Bg5+
21. Ke2 Ng3+ 22. Kf2 1/2-1/2

[Event "NAYCC U12"]
[Site "Montreal CAN"]
[Date "2010.08.17"]
[Round "3"]
[White "Cormier, Jonathan"]
[Black "Shi, Diwen"]
[Result "0-1"]
[WhiteElo "929"]
[BlackElo "1577"]
[PlyCount "56"]
[EventDate "2010.08.16"]
[EventType "swiss"]
[EventRounds "7"]
[EventCountry "CAN"]

1. e4 Nf6 2. Nc3 e5 3. Nf3 Nc6 4. Bc4 Nxe4 5. Nxe4 d5 6. Bxd5 Qxd5 7. d3 Bf5 8.
c4 Qd7 9. Be3 Rd8 10. O-O Qxd3 11. Qxd3 Rxd3 12. Ned2 Bb4 13. a3 Be7 14. b4 e4
15. Ne1 Rd8 16. Ra2 O-O 17. b5 Ne5 18. Bf4 Bf6 19. Nb3 Nxc4 20. Bxc7 Rc8 21.
Bf4 Rfd8 22. Nd2 Nxd2 23. Bxd2 Be6 24. Rc2 Rxc2 25. Nxc2 Rxd2 26. Ne3 h5 27. h3
Be5 28. g4 g6 0-1

[Event "NAYCC U12"]
[Site "Montreal CAN"]
[Date "2010.08.17"]
[Round "3"]
[White "Duong, Tin-Bryan"]
[Black "Boudreault, Laurent"]
[Result "0-1"]
[WhiteElo "533"]
[BlackElo "698"]
[PlyCount "46"]
[EventDate "2010.08.16"]
[EventType "swiss"]
[EventRounds "7"]
[EventCountry "CAN"]

1. e4 e5 2. Bc4 Nf6 3. Nf3 Nc6 4. d3 d5 5. exd5 Nxd5 6. Bxd5 Qxd5 7. O-O Bg4 8.
c4 Qe6 9. Ng5 Qf5 10. Nf3 Bxf3 11. gxf3 Qg6+ 12. Kh1 O-O-O 13. Rg1 Qh5 14. Bg5
Rd4 15. Be3 Rh4 16. Kg2 Rxh2+ 17. Kf1 Qh3+ 18. Ke2 Nd4+ 19. Bxd4 exd4 20. Qa4
Bc5 21. b4 Qe6+ 22. Kf1 Re8 23. Rxg7 Qe1# 0-1

[Event "NAYCC U12"]
[Site "Montreal CAN"]
[Date "2010.08.17"]
[Round "3"]
[White "Gao, Ying Chen"]
[Black "Lim, Michael"]
[Result "0-1"]
[WhiteElo "1222"]
[BlackElo "1766"]
[PlyCount "96"]
[EventDate "2010.08.16"]
[EventType "swiss"]
[EventRounds "7"]
[EventCountry "CAN"]

1. e4 e5 2. Nf3 Nc6 3. Bc4 Bc5 4. Nc3 d6 5. h3 Nf6 6. d3 h6 7. O-O Be6 8. Bb3
O-O 9. Na4 Bb6 10. Nxb6 axb6 11. Be3 Na5 12. Re1 Nxb3 13. axb3 Qd7 14. d4 exd4
15. Nxd4 Nxe4 16. Bxh6 Nxf2 17. Kxf2 Rxa1 18. Qxa1 gxh6 19. Qc1 Kh7 20. Qf4 Qd8
21. Qe4+ Kg7 22. Nxe6+ fxe6+ 23. Kg1 e5 24. Qg4+ Qg5 25. Qc4 Rf7 26. Re4 Qf5
27. Rg4+ Kh7 28. Rg3 e4 29. Rg4 d5 30. Qd4 c5 31. Qe3 Re7 32. Rh4 Qf6 33. Rf4
Qxb2 34. Rh4 Qa1+ 35. Kh2 Qf6 36. Rf4 Qe5 37. Qg3 Rg7 38. Qe3 Qg5 39. g4 Re7
40. Kg3 d4 41. h4 Qe5 42. Qf2 e3 43. Qe2 Rf7 44. Qd3+ Kg7 45. h5 Qxf4+ 46. Kh3
Qf3+ 47. Kh4 Qh1+ 48. Kg3 Rf3# 0-1

[Event "NAYCC U12"]
[Site "Montreal CAN"]
[Date "2010.08.17"]
[Round "3"]
[White "Graif, William"]
[Black "Williams, Justus"]
[Result "0-1"]
[WhiteElo "1903"]
[BlackElo "2167"]
[PlyCount "52"]
[EventDate "2010.08.16"]
[EventType "swiss"]
[EventRounds "7"]
[EventCountry "CAN"]

1. e4 c5 2. Nf3 e6 3. d4 cxd4 4. Nxd4 a6 5. Nc3 Qc7 6. Be2 Nf6 7. a3 b5 8. O-O
Bb7 9. f3 Bd6 10. g3 Bc5 11. Be3 e5 12. Nf5 g6 13. Qd2 gxf5 14. exf5 d5 15.
Bxc5 Qxc5+ 16. Kg2 d4 17. Rad1 Nbd7 18. Na2 Nd5 19. Rfe1 Ne3+ 20. Kh1 Nxd1 21.
Bxd1 O-O-O 22. c3 Nb6 23. Qe2 Qc4 24. Qxe5 Rhe8 25. Qxe8 Rxe8 26. Rxe8+ Kd7 0-1

[Event "NAYCC U12"]
[Site "Montreal CAN"]
[Date "2010.08.17"]
[Round "3"]
[White "Harris, Gabriel"]
[Black "Sanchez, Edgar"]
[Result "0-1"]
[WhiteElo "1077"]
[BlackElo "1087"]
[PlyCount "76"]
[EventDate "2010.08.16"]
[EventType "swiss"]
[EventRounds "7"]
[EventCountry "CAN"]

1. Nf3 d5 2. g3 Nc6 3. Bg2 e5 4. d3 Bg4 5. Nbd2 Nf6 6. O-O Bd6 7. a3 O-O 8. b4
a6 9. Bb2 Re8 10. Re1 h6 11. e4 d4 12. Nc4 b5 13. Nxd6 Qxd6 14. Rc1 Rad8 15. c3
Qe7 16. cxd4 Nxd4 17. Nxd4 Bxd1 18. Nc6 Qe6 19. Nxd8 Rxd8 20. Rexd1 Qb3 21.
Bxe5 Qxa3 22. Bxc7 Rxd3 23. Rxd3 Qxc1+ 24. Bf1 Qxc7 25. f3 Qe7 26. Rd4 Qa7 27.
Kg2 Qxd4 28. Be2 Qxb4 29. e5 Nd5 30. f4 Qe4+ 31. Bf3 Qc2+ 32. Kh1 Ne3 33. h3 b4
34. g4 b3 35. e6 b2 36. exf7+ Kf8 37. Be2 Qxe2 38. Kg1 b1=R# 0-1

[Event "NAYCC U12"]
[Site "Montreal CAN"]
[Date "2010.08.17"]
[Round "3"]
[White "Kubrynski, Simon"]
[Black "Li, Yinshi"]
[Result "0-1"]
[WhiteElo "962"]
[BlackElo "1452"]
[PlyCount "70"]
[EventDate "2010.08.16"]
[EventType "swiss"]
[EventRounds "7"]
[EventCountry "CAN"]

1. e4 e6 2. d4 d5 3. exd5 exd5 4. Qe2+ Be7 5. Nf3 Nf6 6. g3 O-O 7. Bg2 Re8 8.
O-O c6 9. Nc3 Bf5 10. Bg5 Nbd7 11. Ne5 Bd6 12. Bxf6 Nxf6 13. Rfe1 Nd7 14. Qf3
Bxe5 15. dxe5 Bxc2 16. Re2 Bg6 17. Rae1 Nc5 18. Re3 Qb6 19. R3e2 Nd3 20. Rd1
Nxe5 21. Qf4 Nd3 22. Rxe8+ Rxe8 23. Qd2 Qxb2 24. Qxb2 Nxb2 25. Rd2 Re1+ 26. Bf1
Bd3 27. Rxb2 Bxf1 28. Rb1 Rxb1 29. Nxb1 Bc4 30. a3 Kf8 31. Nc3 Ke7 32. f4 Kd6
33. Kf2 b5 34. Ke3 c5 35. h4 d4+ 0-1

[Event "NAYCC U12"]
[Site "Montreal CAN"]
[Date "2010.08.17"]
[Round "3"]
[White "Kuttner, Simon"]
[Black "Chen, Peter"]
[Result "0-1"]
[WhiteElo "1326"]
[BlackElo "1872"]
[PlyCount "92"]
[EventDate "2010.08.16"]
[EventType "swiss"]
[EventRounds "7"]
[EventCountry "CAN"]

1. e4 e5 2. Nf3 Nc6 3. Bc4 Bc5 4. Nc3 Nf6 5. d3 h6 6. Be3 Bb6 7. Qd2 d6 8.
O-O-O Be6 9. Bb3 Ba5 10. Kb1 d5 11. exd5 Nxd5 12. Bxd5 Bxd5 13. Ne1 b5 14. b3
a6 15. Kb2 Be6 16. d4 exd4 17. Bxd4 Nxd4 18. Qxd4 Qxd4 19. Rxd4 c5 20. Rd1 Rb8
21. Ne4 c4 22. Nc5 Bc8 23. h3 cxb3 24. axb3 Bb6 25. Ncd3 Ke7 26. Ne5 Bb7 27.
N5d3 Rbd8 28. Rd2 Rhe8 29. Re2+ Kf6 30. Rxe8 Rxe8 31. Kc1 a5 32. Rf1 a4 33.
bxa4 bxa4 34. Kb2 Ra8 35. Ka3 Bd8 36. Nb4 Be7 37. c3 Ba6 38. Rh1 Bc4 39. Nec2
Bd5 40. Ne3 Bb3 41. Rc1 Rd8 42. Rb1 Rd2 43. Rb2 Rd3 44. c4 Ke5 45. Ng4+ Kd4 46.
Ne3 Kc3 0-1

[Event "NAYCC U12"]
[Site "Montreal CAN"]
[Date "2010.08.17"]
[Round "3"]
[White "Lim, Matthew"]
[Black "Budaghyan, David"]
[Result "1-0"]
[WhiteElo "1537"]
[BlackElo "877"]
[PlyCount "55"]
[EventDate "2010.08.16"]
[EventType "swiss"]
[EventRounds "7"]
[EventCountry "CAN"]

1. d4 d5 2. c4 e6 3. Nc3 Nf6 4. cxd5 exd5 5. Bg5 Be7 6. e3 h6 7. Bh4 O-O 8. Nf3
Nc6 9. Qb3 Be6 10. Qxb7 Qd7 11. Bb5 Na5 12. Qxa8 Rxa8 13. Bxd7 Bxd7 14. O-O g5
15. Bg3 c5 16. dxc5 Bxc5 17. Be5 Be7 18. Nd4 Nc6 19. Bxf6 Bxf6 20. Nxd5 Nxd4
21. Nxf6+ Kg7 22. Nxd7 Ne6 23. e4 Rd8 24. Rad1 Rc8 25. Rc1 Re8 26. e5 Rd8 27.
Nc5 Nc7 28. a4 1-0

[Event "NAYCC U12"]
[Site "Montreal CAN"]
[Date "2010.09.17"]
[Round "3"]
[White "Liu, Yu Qing"]
[Black "Sowa, Aidan"]
[Result "1/2-1/2"]
[WhiteElo "1113"]
[BlackElo "1136"]
[PlyCount "36"]
[EventDate "2010.08.16"]
[EventType "swiss"]
[EventRounds "7"]
[EventCountry "CAN"]

1. d4 Nf6 2. c4 d5 3. cxd5 Nxd5 4. e4 Nf6 5. Nc3 Nc6 6. d5 Ne5 7. Bf4 Ng6 8.
Be3 Bg4 9. Be2 Bxe2 10. Ngxe2 e6 11. dxe6 fxe6 12. Qxd8+ Rxd8 13. Ng3 h6 14. f4
Bb4 15. a3 Ba5 16. b4 Bb6 17. Bxb6 cxb6 18. O-O O-O 1/2-1/2

[Event "NAYCC U12"]
[Site "Montreal CAN"]
[Date "2010.08.17"]
[Round "3"]
[White "Lusterio-Adler, Ben"]
[Black "Baki, Shaumik"]
[Result "0-1"]
[WhiteElo "436"]
[BlackElo "1210"]
[PlyCount "52"]
[EventDate "2010.08.16"]
[EventType "swiss"]
[EventRounds "7"]
[EventCountry "CAN"]

1. e4 c5 2. Nc3 e6 3. b3 a6 4. Bb2 Qc7 5. Qe2 Nc6 6. O-O-O Nf6 7. Qc4 b5 8. Qd3
Bb7 9. Nf3 Be7 10. Re1 d5 11. Nb1 Nb4 12. Qc3 Nxa2+ 13. Kd1 Nxc3+ 14. dxc3 Nxe4
15. Rg1 Nxf2+ 16. Kc1 Ne4 17. Nfd2 Nxd2 18. Nxd2 Bg5 19. c4 O-O 20. Re4 dxe4
21. h4 Bh6 22. Rh1 Qa5 23. Kb1 Qxd2 24. Rh3 Qxc2+ 25. Ka2 Bc1 26. Rc3 Qxb2# 0-1

[Event "NAYCC U12"]
[Site "Montreal CAN"]
[Date "2010.08.17"]
[Round "3"]
[White "McCleary, Reuben"]
[Black "Lagasse, Nicolas"]
[Result "1-0"]
[WhiteElo "1166"]
[BlackElo "1099"]
[PlyCount "103"]
[EventDate "2010.08.16"]
[EventType "swiss"]
[EventRounds "7"]
[EventCountry "CAN"]

1. d4 Nf6 2. Nf3 g6 3. Bf4 Bg7 4. e3 O-O 5. Nbd2 d6 6. Bd3 Nh5 7. Bg5 Qe8 8. c3
e5 9. Ne4 f5 10. Ng3 Nxg3 11. hxg3 e4 12. Bc4+ Be6 13. Bxe6+ Qxe6 14. Nd2 Nd7
15. Qe2 Nf6 16. f3 Nh5 17. Nf1 Qf7 18. f4 Bf6 19. Bxf6 Nxf6 20. Nh2 Nh5 21. Nf1
a6 22. g4 fxg4 23. Qxg4 Qf5 24. Qxf5 Rxf5 25. g4 Nxf4 26. gxf5 Nd3+ 27. Ke2
gxf5 28. Ng3 Rf8 29. Rag1 Kh8 30. Nh5 Rf7 31. Nf4 Nxf4+ 32. exf4 Re7 33. Rg5
Rg7 34. Rhg1 Rxg5 35. Rxg5 h6 36. Rxf5 Kg7 37. Ke3 Kg6 38. Rf8 d5 39. Rd8 c6
40. Rb8 h5 41. Rxb7 Kf5 42. Rf7+ Kg4 43. Rg7+ Kf5 44. Rg5+ Ke6 45. Rxh5 Kf6 46.
Rh6+ Kg7 47. Rxc6 Kf7 48. Rd6 Ke7 49. Rxd5 Ke6 50. Kxe4 Kf6 51. c4 Ke6 52. c5
1-0

[Event "NAYCC U12"]
[Site "Montreal CAN"]
[Date "2010.08.17"]
[Round "3"]
[White "Ponomarev, Alexander"]
[Black "Luo, Tony"]
[Result "1-0"]
[WhiteElo "911"]
[BlackElo "1169"]
[PlyCount "69"]
[EventDate "2010.08.16"]
[EventType "swiss"]
[EventRounds "7"]
[EventCountry "CAN"]

1. e4 c5 2. Nf3 d6 3. d4 cxd4 4. Nxd4 Nf6 5. Nc3 g6 6. Be3 Bg7 7. Bc4 Ng4 8.
Qd2 Nxe3 9. Qxe3 O-O 10. f3 Bd7 11. O-O-O Nc6 12. Nb3 a6 13. Be2 b5 14. g4 b4
15. Na4 Na5 16. Qb6 Nxb3+ 17. axb3 Bxa4 18. Qxd8 Rfxd8 19. bxa4 Bh6+ 20. Kb1 a5
21. h4 Rdc8 22. Rhf1 Bg7 23. f4 Rab8 24. Rd5 b3 25. c3 Rc5 26. Rxc5 dxc5 27. f5
Rd8 28. Rd1 Rb8 29. Rd7 Bf6 30. g5 Be5 31. Rxe7 Bg3 32. h5 Bh4 33. Bc4 Bxg5 34.
Rxf7 Kh8 35. fxg6 1-0

[Event "NAYCC U12"]
[Site "Montreal CAN"]
[Date "2010.08.17"]
[Round "3"]
[White "Radzetzky, Laurent"]
[Black "Fay, Zachary"]
[Result "1-0"]
[WhiteElo "955"]
[BlackElo "969"]
[Annotator "Brodie,Hugh"]
[PlyCount "42"]
[EventDate "2010.08.16"]
[EventType "swiss"]
[EventRounds "7"]
[EventCountry "CAN"]

1. e4 e5 2. Bc4 Nf6 3. d3 Nc6 4. Nf3 Bc5 5. Ng5 O-O 6. Qf3 Nd4 7. Qh3 h6 8.
Bxf7+ Rxf7 9. Nxf7 Kxf7 10. Na3 Bxa3 11. Rb1 d5 12. Qg3 Bd6 13. exd5 Nxd5 14.
Bd2 Nf4 15. Qf3 Kg8 16. Qd5+ Kh8 17. Qf7 Qg8 18. Qxg8+ Kxg8 19. O-O Be6 20.
Rfe1 Bxa2 21. Re4 Bd5 {etc.} 1-0

[Event "NAYCC U12"]
[Site "Montreal CAN"]
[Date "2010.08.17"]
[Round "3"]
[White "Song, Edward"]
[Black "Li, George"]
[Result "1-0"]
[WhiteElo "1850"]
[BlackElo "1177"]
[PlyCount "89"]
[EventDate "2010.08.16"]
[EventType "swiss"]
[EventRounds "7"]
[EventCountry "CAN"]

1. d4 d5 2. c4 e6 3. Nc3 Nf6 4. cxd5 exd5 5. Bg5 Be7 6. e3 h6 7. Bf4 Nc6 8. Nf3
Bg4 9. Be2 Bd6 10. Bxd6 Qxd6 11. Rc1 O-O 12. O-O Rae8 13. Nb5 Qd7 14. Ne5 Nxe5
15. dxe5 Bxe2 16. Qxe2 Rxe5 17. Rxc7 Qd8 18. Rxb7 d4 19. Nxa7 Rfe8 20. Qc4 R8e7
21. Rxe7 Qxe7 22. Nc6 Qe6 23. Qxe6 Rxe6 24. Nxd4 Rb6 25. b3 Ra6 26. a4 Nd5 27.
Rc1 Rd6 28. Kf1 Kf8 29. Rc8+ Ke7 30. Nf5+ Kd7 31. Nxd6 Kxd6 32. Rd8+ Kc5 33.
Rxd5+ Kxd5 34. Ke2 Kc5 35. Kd3 Kb4 36. Kd4 Ka5 37. Kc5 Ka6 38. b4 Ka7 39. Kc6
Ka8 40. b5 f5 41. Kc7 f4 42. b6 fxe3 43. b7+ Ka7 44. b8=Q+ Ka6 45. Qb6# 1-0

[Event "NAYCC U12"]
[Site "Montreal CAN"]
[Date "2010.08.17"]
[Round "3"]
[White "Song, Terry"]
[Black "Chen, Michael"]
[Result "1/2-1/2"]
[WhiteElo "939"]
[BlackElo "2015"]
[PlyCount "77"]
[EventDate "2010.08.16"]
[EventType "swiss"]
[EventRounds "7"]
[EventCountry "CAN"]

1. e4 e5 2. Nf3 Nc6 3. Bb5 Bd6 4. O-O a6 5. Ba4 Nf6 6. Re1 b5 7. Bb3 Bc5 8. c3
O-O 9. d4 exd4 10. cxd4 Bb4 11. Nc3 Bxc3 12. bxc3 d5 13. Bg5 dxe4 14. Rxe4 h6
15. Bxf6 Qxf6 16. Ne5 Nxe5 17. Rxe5 Bb7 18. Qh5 Rae8 19. Rae1 Rxe5 20. Qxe5 Qg6
21. Qg3 Qf5 22. Qxc7 Ba8 23. Qe5 Qd7 24. h3 Rd8 25. Qe7 Qxe7 26. Rxe7 Bd5 27.
Bxd5 Rxd5 28. Re5 Rd6 29. f4 b4 30. cxb4 Rxd4 31. Ra5 Rxb4 32. Rxa6 Rxf4 33.
Ra8+ Kh7 34. a4 g6 35. a5 Ra4 36. a6 h5 37. Kf2 Kg7 38. Ke3 Ra2 39. g4 1/2-1/2

[Event "NAYCC U12"]
[Site "Montreal CAN"]
[Date "2010.08.17"]
[Round "4"]
[White "Boudreault, Laurent"]
[Black "Cormier, Jonathan"]
[Result "0-1"]
[WhiteElo "698"]
[BlackElo "929"]
[PlyCount "74"]
[EventDate "2010.08.16"]
[EventType "swiss"]
[EventRounds "7"]
[EventCountry "CAN"]

1. e4 e5 2. Nf3 Nc6 3. Nc3 Nf6 4. d4 Bd6 5. Bg5 Be7 6. dxe5 Nh5 7. Bc4 Bxg5 8.
Nxg5 Qxg5 9. Qf3 Nxe5 10. Qe2 Nxc4 11. Qxc4 Qxg2 12. Rf1 Qxh2 13. O-O-O O-O 14.
Qe2 d6 15. Rh1 Qf4+ 16. Rd2 Bg4 17. f3 Bxf3 18. Qf2 Qg4 19. Rh4 Qg5 20. Qh2
Rae8 21. Kb1 Qe3 22. a3 h6 23. Nd5 Qe1+ 24. Ka2 Nf6 25. Nxc7 Rxe4 26. Rd3 Rxh4
27. Qxd6 Bc6 28. Rg3 Ne4 29. Qe5 f6 30. Qe6+ Kh8 31. Qe7 Qxg3 32. Qxf8+ Kh7 33.
Ne6 Bd5+ 34. b3 Bxe6 35. Qe7 Bxb3+ 36. cxb3 Rh2+ 37. Kb1 Qe1# 0-1